000 00438nam a2200205Ia 4500
001 11995
003 GE_BSU
008 181216s||||||||xx |||||||||||||| ||und||
020 _a9780141010120
040 _cGE_BSU
080 _a821.111-32
100 _aMatthews,Beryl
245 4 _aThe open door
260 _aLondon
260 _bPenguin Books.
260 _c2002.
300 _a557p;18cm.
653 _aThe open door
942 _cBK
999 _c45172
_d45172